000 00210 a2200097 4500
001 1123
100 _aBottle,E.K
245 _aTractional horse-power elect motors
260 _a
_bGriffin
_c
090 _c686
_d686
942 _aNUST-CAE
_cM
_c33444
999 _c236196
_d236196